[Event "Moscow Open RSSU Cup 2019"]
[Site "Moscow"]
[Date "2019.02.02"]
[Round "8"]
[White "Atabayev, Saparmyrat"]
[Black "Potapov, Pavel"]
[Result "0-1"]
[WhiteElo "2434"]
[BlackElo "2516"]
[Annotator "TA"]
[PlyCount "120"]
[EventDate "2019.01.26"]
[EventType "swiss"]
[EventCountry "RUS"]
[SourceTitle "playchess.com"]
[Source "ChessBase"]
[SourceQuality "1"]

{[%evp 14,120,33,9,17,6,16,22,27,6,13,0,4,-17,-3,-10,0,2,7,7,7,-12,-16,-12,-10,-13,-22,-31,-11,-15,-15,-10,-9,-26,-18,-21,-28,-29,-16,-35,-38,-45,-35,-34,-38,-38,-37,-65,-51,-35,-31,-38,-35,-39,-12,-39,-22,-27,-32,-36,-24,-32,-20,-20,-20,-15,-17,-67,0,-16,-11,-11,-13,-14,-26,-66,-64,-139,-144,-118,-145,-160,-168,-142,-142,-201,-199,-251,-249,-233,-237,-514,-27,-500,-501,-498,-495,-498,-473,-901,-887,-878,-874,-808,-770,-1282,-1049,-29978,-29976]} 1. e4 c5 2. Nf3 Nc6 3. Bb5 g6 4. O-O Bg7 5. Re1 Nf6 6. Bxc6 dxc6 7. d3 O-O {B31: Sicilian: 2...Nc6 3 Bb5 g6} 8. Nc3 {LiveBook: 17 Games} Re8 (8... b6 9. a3 Nd7 10. e5 Re8 11. h3 Nf8 12. b4 cxb4 13. axb4 Ne6 14. Be3 Bb7 15. d4 {1-0 (23) Maghsoodloo,P (2688)-Potapov,P (2516) St Petersburg 2018}) 9. Bf4 b6 $146 {The position is equal.} ({Predecessor:} 9... Nd7 10. e5 Nf8 11. Ne4 Ne6 12. Qd2 b6 13. Rad1 Nd4 14. Nxd4 cxd4 15. b3 {½-½ (46) Mojzis,M-Frindt,K (2145) Slovakia 1996}) 10. Qd2 Nh5 11. Bh6 e5 12. Bxg7 Kxg7 13. a3 Qf6 14. Qg5 Qxg5 15. Nxg5 f6 16. Nf3 Nf4 17. b4 Ne6 18. Nd2 Rd8 19. Nc4 Nd4 20. Ne3 b5 21. Ne2 a5 22. bxc5 Ne6 23. Kf1 Nxc5 24. f4 Ne6 25. fxe5 fxe5 26. Ng4 Rf8+ 27. Kg1 Nd4 28. Nxd4 exd4 29. Ne5 c5 30. a4 Re8 31. Nf3 $1 b4 32. Nd2 Be6 33. Nb3 Rec8 34. Rf1 Bg8 35. Rf2 Ra7 36. Rd1 Bf7 37. h3 Be8 38. Ra1 Ra6 39. Rd2 Kf6 40. Rf2+ Kg7 (40... Ke7 $1 $15) 41. Rd2 $11 Rc7 42. Kf1 Kf6 43. Rf2+ Ke7 44. Ke1 c4 $1 {[%cal Rc4b3]} 45. Nxd4 {[#]} (45. dxc4 $1 $15 Rxc4 46. Rd2) 45... Rd7 $1 $17 {[%cal Rd7d4]} 46. Nb5 cxd3 47. c3 Re6 48. Kd2 Rxe4 49. cxb4 (49. Re1 $17 Rxe1 50. Kxe1) 49... Rxb4 50. Re1+ (50. Nc3 $142) 50... Kd8 $19 51. Rf8 {[%csl Ge1][%cal Rf8e8] [#]} Rb2+ 52. Kc3 $2 (52. Kd1 {was the only chance.} Re7 53. Rxe7 Kxe7 54. Rf3) 52... Rc2+ 53. Kb3 {[%csl Ge1][%cal Rf8e8]} Re2 54. Ref1 d2 55. Rd1 Rxg2 56. Rf3 (56. Kc3 $142) 56... g5 57. Rf8 Ke7 58. Rh8 Rg3+ 59. Kc4 Rxh3 60. Nd4 Bf7+ {Precision: White = 51%, Black = 70%.} 0-1

[Event "Moscow Open RSSU Cup 2019"]
[Site "Moscow"]
[Date "2019.02.03"]
[Round "9"]
[White "Lysyj, Igor"]
[Black "Savchenko, Boris"]
[Result "1/2-1/2"]
[WhiteElo "2633"]
[BlackElo "2562"]
[Annotator "ChessBase"]
[PlyCount "27"]
[EventDate "2019.01.26"]
[EventType "swiss"]
[EventCountry "RUS"]
[SourceTitle "playchess.com"]
[Source "ChessBase"]
[SourceQuality "1"]
[TimeControl "40/5400+30:1800+30"]

1. d4 {[%emt 0:00:00]} Nf6 {[%emt 0:06:24]} 2. c4 {[%emt 0:00:03]} g6 {[%emt 0:00:07]} 3. Nc3 {[%emt 0:00:17]} d5 {[%emt 0:00:22]} 4. cxd5 {[%emt 0:00:14]} Nxd5 {[%emt 0:00:12]} 5. e4 {[%emt 0:00:21]} Nxc3 {[%emt 0:00:13]} 6. bxc3 {[%emt 0:00:14]} Bg7 {[%emt 0:00:33]} 7. Be3 {[%emt 0:00:17]} c5 {[%emt 0:00:15]} 8. Nf3 {[%emt 0:00:17]} Qa5 {[%emt 0:00:17]} 9. Nd2 {[%emt 0:00:42]} O-O {[%emt 0:00:24]} 10. Nb3 {[%emt 0:00:53]} Qxc3+ {[%emt 0:00:12]} 11. Bd2 {[%emt 0:00:10]} Qb2 {[%emt 0:00:06]} 12. Bc1 {[%emt 0:00:14]} Qc3+ {[%emt 0:00:05]} 13. Bd2 {[%emt 0:00:07]} Qb2 {[%emt 0:00:06]} 14. Bc1 {[%emt 0:00:11]} 1/2-1/2

[Event "Moscow Open RSSU Cup 2019"]
[Site "Moscow"]
[Date "2019.02.03"]
[Round "9"]
[White "Ponkratov, Pavel"]
[Black "Fakhrutdinov, Timur"]
[Result "1-0"]
[WhiteElo "2630"]
[BlackElo "2481"]
[Annotator "ChessBase"]
[PlyCount "73"]
[EventDate "2019.01.26"]
[EventType "swiss"]
[EventCountry "RUS"]
[SourceTitle "playchess.com"]
[Source "ChessBase"]
[SourceQuality "1"]
[TimeControl "40/5400+30:1800+30"]

1. c4 {[%emt 0:14:15]} Nf6 {[%emt 0:00:00]} 2. Nc3 {[%emt 0:00:07]} e6 {[%emt 0:00:00]} 3. e4 {[%emt 0:00:04]} d5 {[%emt 0:00:00]} 4. cxd5 {[%emt 0:00:07]} exd5 {[%emt 0:00:00]} 5. e5 {[%emt 0:00:05]} Ne4 {[%emt 0:00:03]} 6. Nf3 {[%emt 0:00:06]} Bf5 {[%emt 0:08:49]} 7. d3 {[%emt 0:00:06]} Nxc3 {[%emt 0:01:20]} 8. bxc3 {[%emt 0:00:04]} c5 {[%emt 0:00:46]} 9. d4 {[%emt 0:00:06]} Nc6 {[%emt 0:01:18]} 10. Bd3 {[%emt 0:00:06]} Qd7 {[%emt 0:02:16]} 11. O-O {[%emt 0:02:42]} Bxd3 {[%emt 0:10:57]} 12. Qxd3 {[%emt 0:00:07]} c4 {[%emt 0:00:36]} 13. Qc2 {[%emt 0:04:30]} Be7 {[%emt 0:07:18]} 14. Ng5 {[%emt 0:05:20]} Qg4 {[%emt 0:30:26]} 15. f3 {[%emt 0:04:47]} Qh5 {[%emt 0:01:50]} 16. Nh3 {[%emt 0:00:17]} Qg6 {[%emt 0:05:29]} 17. Qb2 {[%emt 0:00:08]} Nd8 {[%emt 0:01:44]} 18. f4 {[%emt 0:01:12]} Qf5 {[%emt 0:09:11]} 19. Qb5+ {[%emt 0:01:24]} Qd7 {[%emt 0:00:09]} 20. Qb1 {[%emt 0:00:05]} f5 {[%emt 0:01:41]} 21. exf6 {[%emt 0:00:36]} Bxf6 {[%emt 0:01:23]} 22. Ba3 {[%emt 0:07:45]} Nc6 {[%emt 0:00:35]} 23. Re1+ {[%emt 0:01:02]} Kd8 {[%emt 0:03:33]} 24. f5 {[%emt 0:02:16]} Re8 {[%emt 0:03:04]} 25. Qb5 {[%emt 0:02:41]} Ne7 {[%emt 0:04:59]} 26. Rab1 {[%emt 0:06:35]} Nxf5 {[%emt 0:01:01]} 27. Rxe8+ {[%emt 0:06:04]} Kxe8 {[%emt 0:00:10]} 28. Nf4 {[%emt 0:00:12]} Rd8 {[%emt 0:04:47]} 29. Nxd5 {[%emt 0:00:24]} Bg5 {[%emt 0:00:31]} 30. Nc7+ {[%emt 0:01:26]} Kf7 {[%emt 0:00:05]} 31. Qxc4+ {[%emt 0:00:20]} Kg6 {[%emt 0:00:26]} 32. Ne6 {[%emt 0:00:59]} Qc8 {[%emt 0:00:54]} 33. Qb3 {[%emt 0:02:42]} Be3+ {[%emt 0:00:14]} 34. Kh1 {[%emt 0:00:16]} Re8 {[%emt 0:00:08]} 35. d5 {[%emt 0:00:06]} h5 {[%emt 0:01:01]} 36. Rf1 {[%emt 0:00:56]} Qb8 {[%emt 0:00:40]} 37. Qb1 {[%emt 0:00:30]} 1-0

[Event "Moscow Open RSSU Cup 2019"]
[Site "Moscow"]
[Date "2019.02.03"]
[Round "9"]
[White "Grachev, Boris"]
[Black "Afanasiev, Nikita"]
[Result "1/2-1/2"]
[WhiteElo "2626"]
[BlackElo "2508"]
[Annotator "TA"]
[PlyCount "114"]
[EventDate "2019.01.26"]
[EventType "swiss"]
[EventCountry "RUS"]
[SourceTitle "playchess.com"]
[Source "ChessBase"]
[SourceQuality "1"]

{[%evp 15,114,47,27,29,46,0,0,0,0,-2,0,0,0,0,0,0,0,0,0,0,0,0,0,0,0,0,0,0,0,0,0,-1,0,0,0,0,0,0,0,0,0,0,0,0,0,8,8,8,58,58,102,102,118,118,118,111,112,111,137,137,111,31,120,8,8,8,8,8,8,8,8,8,8,8,8,8,107,8,8,8,8,8,8,0,8,0,0,0,0,0,0,0,0,0,0,0,0,0,0,0,0]} 1. Nf3 d5 2. e3 Nf6 3. c4 c6 4. Nc3 g6 5. d4 Bg7 6. Be2 O-O 7. O-O b6 8. a4 {D94: Grünfeld: 4 Nf3 Bg7 5 e3} Ba6 {LiveBook: 3 Games} (8... Bb7 9. a5 bxa5 10. Qa4 dxc4 11. Qxa5 Nbd7 12. Bxc4 c5 13. dxc5 Qc8 14. Ba6 Bxa6 15. Qxa6 Qxa6 16. Rxa6 Nxc5 {0-1 (69) Sevian,S (2620)-Li,C (2744) Tbilisi 2017}) 9. b3 Ne4 $146 ({Predecessor:} 9... c5 10. Ba3 cxd4 11. Nxd4 Bb7 12. Bf3 Re8 13. cxd5 Nxd5 14. Ndb5 e6 15. Nxd5 Bxd5 {1-0 (26) Koziak,V (2489)-Orzech,D (2472) Rewal 2008}) 10. Nxe4 {White is slightly better.} dxe4 11. Ng5 c5 12. Ra2 Bb7 13. d5 e6 $1 14. Nxe4 exd5 15. cxd5 Qxd5 16. Bf3 Qxd1 17. Rxd1 {[#] And now Nf6+! would win.} Nc6 {[%cal Bb8c6,Bc6b4,Bb4a2][%mdl 32]} 18. Nd6 Nb4 {...Bxf3 is the strong threat.} 19. Bxb7 {Black must now prevent Rad2.} Nxa2 20. Bxa8 Rxa8 21. Nc4 Kf8 22. Kf1 Ke7 23. f3 Rd8 24. Rxd8 Kxd8 $11 {[%mdl 4096] Endgame KBN-KBN} 25. Bd2 Kc7 26. Ke2 a6 27. e4 Kc6 28. Kd3 b5 29. axb5+ axb5 30. Ne3 Bh6 31. g3 Bg7 (31... f5 $5) 32. Nd5 Bb2 33. Kc2 Bg7 34. Kb1 Nb4 35. Bxb4 cxb4 $16 {KB-KN} 36. Kc2 Kc5 37. Kd3 Bd4 {[#]} 38. h3 (38. Ne3 $1 $16) 38... h5 (38... Bf2 $1 $14) 39. g4 (39. Ne3 $16) 39... hxg4 $1 $11 40. hxg4 g5 41. f4 gxf4 42. Nxf4 Bf6 43. Ne2 Kd6 44. Nd4 Ke5 45. Nxb5 Be7 (45... Bh4 $11 {keeps the balance.}) 46. Nc7 ({White should play} 46. Nd4 $16 Bc5 47. Nc6+ Ke6 48. Kc4) 46... Bd6 {The position is equal.} 47. Nd5 Bc5 48. g5 Bd6 49. Ke3 Bf8 50. Nf4 {Strongly threatening Nd3+.} Bc5+ 51. Kf3 Bd6 52. Ke3 Bc5+ 53. Kf3 Bd6 54. g6 fxg6 55. Nxg6+ Kd4 56. e5 $1 {[%cal Re5d6]} Bxe5 57. Nxe5 Kxe5 {Precision: White = 73%, Black = 67%.} 1/2-1/2

[Event "Moscow Open RSSU Cup 2019"]
[Site "Moscow"]
[Date "2019.02.03"]
[Round "9"]
[White "Timofeev, Artyom"]
[Black "Sjugirov, Sanan"]
[Result "1/2-1/2"]
[WhiteElo "2592"]
[BlackElo "2663"]
[Annotator "TA"]
[PlyCount "24"]
[EventDate "2019.01.26"]
[EventType "swiss"]
[EventCountry "RUS"]
[SourceTitle "playchess.com"]
[Source "ChessBase"]
[SourceQuality "1"]

{[%evp 22,24,0,0,0]} 1. d4 d5 2. c4 dxc4 3. e4 Nf6 4. e5 Nd5 5. Bxc4 Nc6 $146 ({Predecessor:} 5... Nb6 6. Bb3 Nc6 {½-½ (13) Zubov,A (2611)-Abasov,N (2623) Ankara 2018}) 6. Nf3 Nb6 7. Bb3 Bg4 8. Ng5 Bxd1 9. Bxf7+ Kd7 10. Be6+ Ke8 11. Bf7+ Kd7 12. Be6+ Ke8 {D20: Queen's Gambit Accepted: 3 e3 and 3 e4} 1/2-1/2

[Event "Moscow Open RSSU Cup 2019"]
[Site "Moscow"]
[Date "2019.02.02"]
[Round "9"]
[White "Kryakvin, Dmitry"]
[Black "Shukh, Nikolai"]
[Result "1-0"]
[WhiteElo "2588"]
[BlackElo "2459"]
[Annotator "RC"]
[PlyCount "81"]
[EventDate "2019.01.26"]
[EventType "swiss"]
[EventCountry "RUS"]
[SourceTitle "playchess.com"]
[Source "ChessBase"]
[SourceQuality "1"]
[TimeControl "40/5400+30:1800+30"]

1. g3 {[%emt 0:00:00]} e5 {[%emt 0:02:07]} 2. Bg2 {[%emt 0:00:39]} Nc6 {[%emt 0:02:11]} 3. c4 {[%emt 0:01:14]} g6 {[%emt 0:00:04]} 4. Nc3 {[%emt 0:02:02]} Bg7 {[%emt 0:00:06]} 5. Rb1 {[%emt 0:01:33]} f5 {[%emt 0:03:06]} 6. d3 {[%emt 0:01:21]} Nf6 {[%emt 0:02:17]} 7. e3 {[%emt 0:01:51]} d6 {[%emt 0:00:30]} 8. Nge2 {[%emt 0:01:31]} Be6 {[%emt 0:01:20]} 9. Nd5 {[%emt 0:03:14]} Qd7 {[%emt 0:01:37]} 10. Qa4 {[%emt 0:01:43]} O-O 11. Nec3 {[%emt 0:03:25]} Qf7 {[%emt 0:14:27]} 12. O-O {[%emt 0:04:03]} Nd8 {[%emt 0:07:43]} 13. Bd2 {[%emt 0:04:48]} c6 {[%emt 0:00:52]} 14. Nb6 {[%emt 0:04:35]} axb6 {[%emt 0:08:17]} 15. Qxa8 {[%emt 0:00:05]} e4 {[%emt 0:00:03]} 16. Qa3 {[%emt 0:08:57]} exd3 {[%emt 0:00:25]} 17. b3 {[%emt 0:02:24]} d5 {[%emt 0:07:45]} 18. cxd5 {[%emt 0:06:23]} Nxd5 {[%emt 0:03:38]} 19. Nxd5 {[%emt 0:04:22]} Bxd5 {[%emt 0:00:49]} 20. Qd6 {[%emt 0:00:18]} Ne6 {[%emt 0:18:29]} 21. Bxd5 {[%emt 0:00:55]} cxd5 {[%emt 0:00:04]} 22. Qxd5 {[%emt 0:01:30]} Rd8 {[%emt 0:00:04]} 23. Qb5 {[%emt 0:03:58]} g5 {[%emt 0:03:09]} 24. f3 {[%emt 0:03:02]} f4 {[%emt 0:00:56]} 25. Rbd1 {[%emt 0:00:42]} Qc7 {[%emt 0:03:15]} 26. gxf4 {[%emt 0:03:18]} gxf4 {[%emt 0:00:06]} 27. Kh1 {[%emt 0:00:13]} Qc6 {[%emt 0:04:00]} 28. Qxc6 {[%emt 0:02:41]} bxc6 {[%emt 0:00:04]} 29. exf4 {[%emt 0:00:07]} c5 {[%emt 0:05:38]} 30. f5 {[%emt 0:02:17]} Nc7 {[%emt 0:02:45]} 31. Rfe1 {[%emt 0:02:22]} Bf6 {[%emt 0:04:51]} 32. Re3 {[%emt 0:02:20]} Nb5 {[%emt 0:02:44]} 33. a4 {[%emt 0:02:09]} Nd4 {[%emt 0:00:58]} 34. Rxd3 {[%emt 0:00:08]} Rd5 {[%emt 0:00:07]} 35. Bf4 {[%emt 0:01:06]} Bd8 {[%emt 0:01:24]} 36. Re1 {[%emt 0:02:10]} Kf7 {[%emt 0:00:36]} 37. Re5 {[%emt 0:01:01]} Rd7 {[%emt 0:00:05]} 38. Be3 {[%emt 0:02:47]} Bf6 {[%emt 0:00:06]} 39. Re6 {[%emt 0:00:31]} Rb7 {[%emt 0:01:01]} 40. Bxd4 {[%emt 0:00:00]} Bxd4 {[%emt 0:00:00]} 41. f4 {[%emt 0:01:22]} 1-0

[Event "Moscow Open RSSU Cup 2019"]
[Site "Moscow"]
[Date "2019.02.03"]
[Round "9"]
[White "Pridorozhni, Aleksei"]
[Black "Urazayev, Arystanbek"]
[Result "1-0"]
[WhiteElo "2568"]
[BlackElo "2450"]
[Annotator "ChessBase"]
[PlyCount "121"]
[EventDate "2019.01.26"]
[EventType "swiss"]
[EventCountry "RUS"]
[SourceTitle "playchess.com"]
[Source "ChessBase"]
[SourceQuality "1"]
[TimeControl "40/5400+30:1800+30"]

1. e4 {[%emt 0:00:00]} e6 {[%emt 0:10:17]} 2. d4 {[%emt 0:00:00]} d5 {[%emt 0:00:03]} 3. Nd2 {[%emt 0:00:00]} c5 {[%emt 0:00:05]} 4. Ngf3 {[%emt 0:00:01]} Nc6 {[%emt 0:00:30]} 5. c3 {[%emt 0:00:56]} Nf6 {[%emt 0:02:36]} 6. Bd3 {[%emt 0:05:38]} cxd4 {[%emt 0:00:57]} 7. cxd4 {[%emt 0:00:06]} dxe4 {[%emt 0:00:04]} 8. Nxe4 Be7 {[%emt 0:00:29]} 9. O-O {[%emt 0:00:28]} O-O {[%emt 0:00:49]} 10. Be3 {[%emt 0:06:07]} Nb4 {[%emt 0:04:22]} 11. Nxf6+ {[%emt 0:00:59]} Bxf6 {[%emt 0:00:05]} 12. Be4 {[%emt 0:00:03]} Nd5 {[%emt 0:02:42]} 13. Qd3 {[%emt 0:02:40]} g6 {[%emt 0:10:01]} 14. Bh6 {[%emt 0:03:05]} Bg7 {[%emt 0:05:21]} 15. Bxg7 {[%emt 0:00:25]} Kxg7 {[%emt 0:00:03]} 16. Ne5 {[%emt 0:00:19]} b6 {[%emt 0:02:09]} 17. Qg3 {[%emt 0:07:51]} Ba6 {[%emt 0:09:34]} 18. Rfe1 {[%emt 0:07:27]} Rc8 {[%emt 0:09:40]} 19. Qa3 {[%emt 0:09:53]} Bb5 {[%emt 0:00:18]} 20. Qb3 {[%emt 0:00:06]} Bc6 {[%emt 0:04:02]} 21. g3 {[%emt 0:02:23]} Bb7 {[%emt 0:02:05]} 22. h4 {[%emt 0:02:56]} Qe7 {[%emt 0:10:09]} 23. Qf3 {[%emt 0:11:13]} Rfd8 {[%emt 0:04:42]} 24. h5 {[%emt 0:10:17]} Rc7 {[%emt 0:00:58]} 25. Rac1 {[%emt 0:04:27]} Rdc8 {[%emt 0:03:28]} 26. Rxc7 {[%emt 0:01:25]} Rxc7 {[%emt 0:00:04]} 27. Bxd5 {[%emt 0:01:19]} Bxd5 {[%emt 0:01:01]} 28. Qe3 {[%emt 0:00:05]} gxh5 {[%emt 0:09:47]} 29. Nd3 {[%emt 0:00:21]} Qf6 {[%emt 0:01:28]} 30. Nf4 {[%emt 0:00:11]} Qf5 {[%emt 0:00:21]} 31. a3 {[%emt 0:02:06]} Bb7 {[%emt 0:01:12]} 32. Kh2 {[%emt 0:02:43]} Rc2 {[%emt 0:01:23]} 33. b4 {[%emt 0:01:52]} Kf8 {[%emt 0:00:30]} 34. a4 {[%emt 0:04:05]} h4 {[%emt 0:01:43]} 35. gxh4 {[%emt 0:00:08]} Qg4 {[%emt 0:00:07]} 36. a5 {[%emt 0:01:10]} Qxh4+ {[%emt 0:01:14]} 37. Nh3 {[%emt 0:00:05]} Bd5 {[%emt 0:00:53]} 38. axb6 {[%emt 0:01:41]} axb6 {[%emt 0:00:03]} 39. b5 {[%emt 0:00:04]} Ke8 {[%emt 0:02:09]} 40. Rg1 {[%emt 0:00:00]} Rb2 {[%emt 0:00:00]} 41. Rg8+ {[%emt 0:09:22]} Kd7 {[%emt 0:03:49]} 42. Qc3 {[%emt 0:00:27]} Rxf2+ {[%emt 0:17:50]} 43. Kg1 {[%emt 0:00:38]} Rg2+ {[%emt 0:01:56]} 44. Rxg2 {[%emt 0:00:11]} Bxg2 {[%emt 0:00:02]} 45. Kxg2 {[%emt 0:00:11]} Qg4+ {[%emt 0:00:35]} 46. Kf2 {[%emt 0:10:12]} Qh4+ {[%emt 0:01:29]} 47. Kf1 {[%emt 0:01:23]} Qe4 {[%emt 0:00:33]} 48. Qc4 {[%emt 0:02:22]} Kd6 {[%emt 0:04:41]} 49. Nf2 {[%emt 0:00:58]} Qa8 {[%emt 0:02:43]} 50. Ke2 {[%emt 0:01:04]} h5 {[%emt 0:00:48]} 51. Ke3 {[%emt 0:00:55]} f5 {[%emt 0:00:35]} 52. Nd3 {[%emt 0:02:05]} Qe4+ {[%emt 0:01:07]} 53. Kd2 {[%emt 0:00:04]} Qg2+ {[%emt 0:00:20]} 54. Kc3 {[%emt 0:00:08]} Qh1 {[%emt 0:00:45]} 55. Qb4+ {[%emt 0:01:42]} Kd7 {[%emt 0:00:05]} 56. Qa3 {[%emt 0:00:08]} Ke8 {[%emt 0:01:26]} 57. Qa7 {[%emt 0:01:30]} h4 {[%emt 0:00:19]} 58. Qxb6 {[%emt 0:00:08]} Ke7 {[%emt 0:00:39]} 59. Qc7+ {[%emt 0:01:35]} Kf6 {[%emt 0:00:13]} 60. b6 {[%emt 0:00:48]} h3 {[%emt 0:01:06]} 61. b7 {[%emt 0:00:52]} 1-0

[Event "Moscow Open RSSU Cup 2019"]
[Site "Moscow"]
[Date "2019.02.02"]
[Round "9"]
[White "Savchenko, Boris"]
[Black "Khanin, Semen"]
[Result "1-0"]
[WhiteElo "2562"]
[BlackElo "2514"]
[Annotator "TA"]
[PlyCount "65"]
[EventDate "2019.01.26"]
[EventType "swiss"]
[EventCountry "RUS"]
[SourceTitle "playchess.com"]
[Source "ChessBase"]
[SourceQuality "1"]

{[%evp 25,65,45,54,40,116,96,121,104,121,130,122,108,128,131,282,305,314,276,312,299,393,398,397,396,386,325,697,679,728,744,755,715,702,699,29974,29975,29975,29974,6161,5127,29983,29978]} 1. d4 {[%cal Bd2d4,Bd4d5][%mdl 32]} Nf6 2. c4 g6 3. f3 c5 4. d5 Bg7 5. e4 d6 6. Nc3 O-O 7. Nge2 e6 8. Ng3 exd5 9. cxd5 a6 10. a4 h5 {[%cal Bh7h5,Bh5h4][%mdl 32] A65: Modern Benoni: 6 e4} (10... Nbd7 11. Be2 Ne8 12. Bf4 Rb8 13. O-O c4 14. Bxc4 Qb6+ 15. Rf2 Bd4 16. Qd2 Ne5 17. Bf1 Bxf2+ 18. Qxf2 Qxf2+ 19. Kxf2 {½-½ (32) Carlsen,M (2835)-Nepomniachtchi,I (2763) Wijk aan Zee 2019}) 11. Be2 h4 12. Nf1 Nh7 13. Ne3 Nd7 {LiveBook: 3 Games} 14. O-O f5 {[#]} (14... Re8 $14) 15. exf5 $1 $16 gxf5 {[#]} 16. f4 $146 ({Predecessor:} 16. Nc4 Ne5 17. Bf4 Re8 18. Qd2 Nxc4 19. Bxc4 {0-1 (47) Fedoseev,V (2498)-Matlakov,M (2663) St Petersburg 2012}) 16... Ndf6 17. Bd3 Ne8 18. Bd2 Rb8 19. Kh1 b5 $2 (19... Bd4 $16 20. Nc2 Bg7) 20. axb5 $18 axb5 21. Nxb5 Bd7 22. Na7 Bxb2 23. Nc6 Bxc6 24. dxc6 Bxa1 25. Bc4+ Kg7 $2 (25... Rf7 26. Qxa1 Nhf6 27. Bxf7+ Kxf7 28. Nxf5 Ra8) 26. Qxa1+ Kg6 27. g4 {[%cal Bg2g4,Bg4f5][%mdl 32]} Nhf6 28. gxf5+ Kh7 29. Qe1 d5 30. Qxh4+ Kg8 31. Qg3+ Ng7 {[#]} 32. Nxd5 $1 {[%mdl 512]} Nxd5 {[#]} 33. c7 $1 {[%mdl 512] Precision: White = 90%, Black = 35%.} 1-0

[Event "Moscow Open RSSU Cup 2019"]
[Site "Moscow"]
[Date "2019.02.03"]
[Round "9"]
[White "Fedorov, Alexei"]
[Black "Ivanov, Oleg V"]
[Result "0-1"]
[WhiteElo "2557"]
[BlackElo "2429"]
[Annotator "TA"]
[PlyCount "80"]
[EventDate "2019.01.26"]
[EventType "swiss"]
[EventCountry "RUS"]
[SourceTitle "playchess.com"]
[Source "ChessBase"]
[SourceQuality "1"]

{[%evp 15,80,0,0,0,0,-9,16,12,23,-25,-14,-41,-29,-51,-50,-54,-40,-45,-41,-46,-50,-52,-55,-28,-20,-31,-18,-28,-29,-69,-49,-62,-41,-187,-180,-288,-281,-318,-296,-272,-167,-166,-155,-176,-176,-239,-231,-200,-189,-345,-345,-343,-343,-332,-325,-485,-385,-484,-472,-482,-471,-489,-381,-607,-605,-971,-971]} 1. e4 $146 (1. Nf3 d5 2. g3 g6 3. Bg2 Bg7 4. O-O Nf6 5. d3 O-O 6. Nbd2 c5 7. e4 Nc6 8. c3 {0-1 (47) Amin,B (2710)-Kevlishvili,R (2451) St Petersburg 2018}) ({Predecessor:} 1. Nf3 Nf6 2. g3 d5 3. Bg2 c5 4. O-O Nc6 5. d3 g6 6. Nbd2 Bg7 7. c3 O-O 8. e4 {0-1 (30) De la Torre,A (2047)-Ulaneo,N (2106) Montevideo 2011}) 1... c5 2. d3 Nc6 3. g3 Nf6 4. Bg2 d5 5. Nd2 e6 6. Ngf3 g6 7. O-O Bg7 8. c3 O-O 9. e5 {A08: King's Indian Attack} (9. Re1 b6 10. e5 Nd7 11. d4 b5 12. Nf1 b4 13. h4 bxc3 14. bxc3 cxd4 15. cxd4 f6 16. Bf4 fxe5 17. dxe5 Nb6 18. Ne3 Bd7 {0-1 (47) Amin,B (2710)-Kevlishvili,R (2451) St Petersburg 2018}) 9... Nd7 10. d4 b5 11. Nb3 {The position is equal.} a5 12. Bf4 ({Predecessor:} 12. Be3 a4 13. Nc1 Qa5 14. Qc2 Bb7 15. Ne2 Rfc8 16. Qd1 a3 {0-1 (30) De la Torre,A (2047)-Ulaneo,N (2106) Montevideo 2011}) 12... b4 13. a4 bxa3 14. Rxa3 cxd4 15. cxd4 Ba6 16. Re1 Qb6 17. Re3 Rfb8 18. Rc3 Bf8 19. Ra1 Bb4 20. Rc2 Bb5 21. Nc1 {[%cal Bb3c1,Bc1a2,Ba2c3][%mdl 32]} a4 22. Na2 Bf8 23. Nc3 Bc4 $1 {[%cal Rc4b3] Threatens to win with ...Bb3.} 24. Rd2 (24. Rcc1 $1 $15) 24... Na5 $1 $19 25. Rb1 {[#]} (25. Nxa4 $142 Qb4 26. Nc3) 25... Bb4 $1 {[%cal Rb4c3] Hoping for ...Bxc3.} 26. Qc2 Bxc3 27. Qxc3 a3 $36 {[%mdl 2048] White is under strong pressure.} 28. Qxa3 Nb3 29. Qe7 Nxd2 30. Ng5 {[#]} (30. Bxd2 {was worth a try.} Qd8 31. Qxd8+ Rxd8 32. Bf1) 30... Rf8 $1 31. Bxd2 Bd3 32. Rd1 $2 (32. Re1 {was necessary.} Qxb2 33. Nf3) 32... Qxb2 33. Qb4 Qxb4 34. Bxb4 Rfb8 35. Rxd3 (35. Bd2 $142) 35... Rxb4 36. Bf1 Ra1 37. Kg2 h6 38. Nf3 Rb2 39. Rc3 (39. Rd2 $142 Rxd2 40. Nxd2) 39... Raa2 40. Bb5 Rxb5 {Accuracy: White = 28%, Black = 61%.} 0-1

[Event "Moscow Open RSSU Cup 2019"]
[Site "Moscow"]
[Date "2019.02.03"]
[Round "9"]
[White "Korneev, Oleg"]
[Black "Zakhartsov, Vladimir"]
[Result "1/2-1/2"]
[WhiteElo "2545"]
[BlackElo "2483"]
[Annotator "TA"]
[PlyCount "41"]
[EventDate "2019.01.26"]
[EventType "swiss"]
[EventCountry "RUS"]
[SourceTitle "playchess.com"]
[Source "ChessBase"]
[SourceQuality "1"]

{[%evp 24,41,0,0,24,0,35,0,26,0,0,-39,28,-66,26,-38,0,-58,36,0]} 1. e4 c5 2. Nf3 d6 3. d4 Nf6 $146 ({Predecessor:} 3... cxd4 4. Nxd4 Nf6 {1-0 (27) Kasimdzhanov,R (2690)-Gelfand,B (2736) Moscow 2007}) 4. Nc3 cxd4 5. Nxd4 a6 6. Be3 Ng4 ({Predecessor:} 6... e5 7. Nb3 Be6 {1-0 (27) Kasimdzhanov,R (2690)-Gelfand,B (2736) Moscow 2007}) 7. Bc1 Nf6 8. f3 e5 9. Nb3 Be6 10. Be3 h5 ({Predecessor:} 10... Nbd7 11. Qd2 {1-0 (27) Kasimdzhanov,R (2690)-Gelfand,B (2736) Moscow 2007}) 11. Qd2 Nbd7 12. O-O-O Be7 ({Predecessor:} 12... Qc7 13. Kb1 {1-0 (27) Kasimdzhanov,R (2690)-Gelfand,B (2736) Moscow 2007}) 13. Kb1 Qc7 {B90: Sicilian Najdorf: Unusual White 6th moves, 6 Be3 Ng4 and 6 Be3 e5} 14. h3 ({Predecessor:} 14. Bd3 b5 15. h3 {1-0 (27) Kasimdzhanov,R (2690)-Gelfand,B (2736) Moscow 2007}) 14... h4 15. Bd3 b5 {The position is equal.} 16. f4 Rb8 17. Ne2 ({Predecessor:} 17. Rhe1 Nb6 18. Qf2 Nc4 19. Bc1 a5 20. Rf1 {1-0 (27) Kasimdzhanov,R (2690)-Gelfand,B (2736) Moscow 2007}) 17... Qb7 (17... b4 $15) 18. Na5 ({White should try} 18. g4 $11) 18... Qc7 (18... Nxe4 $15 19. Nxb7 Nxd2+ 20. Rxd2 Rxb7) 19. Nb3 (19. Qc3 $11 Qxc3 20. Nxc3) 19... Qb7 20. Na5 Qc7 ({Better is} 20... Nxe4 $15 21. Nxb7 Nxd2+ 22. Bxd2 Rxb7) 21. Nb3 {Accuracy: White = 10%, Black = 17%.} 1/2-1/2